[Event "IV Open A"]
[Site "Biella ITA"]
[Date "2013.09.28"]
[Round "2"]
[White "Naumkin, Igor"]
[Black "Vezzosi, Paolo"]
[WhiteElo "2461"]
[BlackElo "2271"]
[Result "1/2-1/2"]
[PlyCount "49"]
[EventDate "2013.09.27"]

1. d4 Nf6 2. c4 e6 3. Nf3 c5 4. d5 b5 5. Bg5 exd5 6. cxd5 h6 7. Bxf6 Qxf6 8.
Nc3 b4 9. Ne4 Qxb2 10. e3 f5 11. Ned2 Be7 12. d6 Bxd6 13. Bc4 Nc6 14. O-O Qf6
15. Bd5 Bb7 16. Nc4 Bc7 17. a3 Rb8 18. e4 fxe4 19. Nfd2 Nd4 20. Bxb7 Rxb7 21.
Nxe4 Qc6 22. Qh5+ g6 23. Ned6+ Bxd6 24. Qxg6+ Kd8 25. Qf6+ 1/2-1/2

[Event "IV Open A"]
[Site "Biella ITA"]
[Date "2013.09.28"]
[Round "2"]
[White "Razzano, Lorenzo"]
[Black "Sorcinelli, Francesco"]
[WhiteElo "1988"]
[BlackElo "2197"]
[Result "1/2-1/2"]
[PlyCount "69"]
[EventDate "2013.09.27"]

1. e4 c5 2. Nf3 d6 3. d4 cxd4 4. Nxd4 Nf6 5. Nc3 g6 6. h3 Bg7 7. Bc4 O-O 8. Bb3
b6 9. O-O Bb7 10. Re1 Nbd7 11. Bg5 Rc8 12. Nd5 h6 13. Bh4 a6 14. c3 e5 15. Bxf6
Nxf6 16. Nf3 Rc5 17. Nxf6+ Qxf6 18. Qd3 Rd8 19. Rad1 b5 20. Nh2 Qg5 21. Nf1 Bf8
22. Ne3 Kg7 23. Nd5 f5 24. Qf3 Rd7 25. g3 Bxd5 26. Bxd5 f4 27. Kh2 Rdc7 28. Rg1
Be7 29. gxf4 Qxf4+ 30. Qxf4 exf4 31. Rg4 g5 32. f3 a5 33. Rdg1 Bf6 34. R4g2 b4
35. c4 1/2-1/2

[Event "IV Open A"]
[Site "Biella ITA"]
[Date "2013.09.28"]
[Round "2"]
[White "Rey, Fabrice"]
[Black "Montilli, Vincenzo"]
[WhiteElo "2156"]
[BlackElo "2023"]
[Result "1/2-1/2"]
[PlyCount "117"]
[EventDate "2013.09.27"]

1. d4 Nf6 2. c4 g6 3. Nc3 Bg7 4. e4 d6 5. h3 O-O 6. Nf3 e5 7. dxe5 dxe5 8. Qxd8
Rxd8 9. Bg5 Re8 10. Nd5 Nxd5 11. cxd5 c6 12. Bc4 cxd5 13. Bxd5 Nc6 14. O-O h6
15. Be3 Nb4 16. Bb3 Be6 17. Bxe6 Rxe6 18. Rfc1 Nc6 19. Rd1 Re7 20. Rac1 f5 21.
Rd6 fxe4 22. Nd2 Nd4 23. Kf1 Kh7 24. g4 Rf8 25. Nxe4 b6 26. a4 Rff7 27. Kg2 Rc7
28. Rxc7 Rxc7 29. Nc3 Bf8 30. Rd8 Be7 31. Re8 Bd6 32. Ne4 Be7 33. Nc3 Bd6 34.
Bxd4 exd4 35. Nb5 Rd7 36. Nxd6 Rxd6 37. Re7+ Kg8 38. Kf1 a5 39. Ke2 d3+ 40. Kd2
Rf6 41. Ke3 Rd6 42. Kd2 Rf6 43. Kxd3 Rxf2 44. b3 Rf4 45. Re4 Rf3+ 46. Re3 Rf4
47. Re6 Rb4 48. Kc3 Kf7 49. Rd6 b5 50. Rd4 bxa4 51. bxa4 Rb1 52. Kc4 Ke6 53.
Rd8 Rb4+ 54. Kc5 Rxa4 55. Rh8 Ra3 56. Rxh6 Kf6 57. h4 Kg7 58. g5 Rb3 59. h5
1/2-1/2

[Event "IV Open A"]
[Site "Biella ITA"]
[Date "2013.09.28"]
[Round "2"]
[White "Rudolf, Anna"]
[Black "Yao, Stefano"]
[WhiteElo "2308"]
[BlackElo "1976"]
[Result "0-1"]
[PlyCount "62"]
[EventDate "2013.09.27"]

1. e4 c5 2. Nf3 e6 3. d4 cxd4 4. Nxd4 a6 5. Bd3 Qc7 6. O-O Nf6 7. Qe2 d6 8. c4
Nbd7 9. Nc3 Be7 10. f4 O-O 11. Kh1 b6 12. Bd2 Bb7 13. Rae1 Rfd8 14. Nf3 Nf8 15.
Bb1 Rac8 16. b3 Qb8 17. e5 N6d7 18. Ne4 dxe5 19. fxe5 Nxe5 20. Bf4 Nfg6 21. Bg3
f6 22. Nxe5 Nxe5 23. Ng5 g6 24. Qb2 Bb4 25. Re2 Qd6 26. h3 Rf8 27. Ne4 Bxe4 28.
Bxe4 Rcd8 29. Kh2 Bc5 30. Ree1 Bd4 31. Qc2 Qe7 0-1

[Event "IV Open A"]
[Site "Biella ITA"]
[Date "2013.09.28"]
[Round "2"]
[White "Solomon, Kenny"]
[Black "Trangoni, Bruno"]
[WhiteElo "2371"]
[BlackElo "1994"]
[Result "1-0"]
[PlyCount "69"]
[EventDate "2013.09.27"]

1. d4 d6 2. Nf3 g6 3. c4 Bg7 4. Nc3 Nd7 5. e4 e5 6. Be2 Ne7 7. O-O O-O 8. Re1
c6 9. dxe5 Nxe5 10. Nxe5 dxe5 11. Qxd8 Rxd8 12. Bg5 f6 13. Be3 Be6 14. Red1 f5
15. Rxd8+ Rxd8 16. Bxa7 Rd2 17. Rb1 fxe4 18. Be3 Rd8 19. g4 b5 20. b3 Ra8 21.
a4 h6 22. axb5 cxb5 23. Nxb5 Ra2 24. Bd1 Nc6 25. Nc3 Ra3 26. Bc5 Ra8 27. Nxe4
Nd4 28. Bxd4 exd4 29. Nc5 Bf7 30. Bf3 Rc8 31. Nd3 Rb8 32. c5 Bf8 33. b4 Bc4 34.
Ne5 Be6 35. Nc6 1-0

[Event "IV Open A"]
[Site "Biella ITA"]
[Date "2013.09.28"]
[Round "2"]
[White "Valsecchi, Alessio"]
[Black "Migliorini, Matteo"]
[WhiteElo "2427"]
[BlackElo "2046"]
[Result "1-0"]
[PlyCount "51"]
[EventDate "2013.09.27"]

1. c4 g6 2. Nc3 c5 3. g3 Bg7 4. Bg2 Nc6 5. a3 d6 6. Rb1 Bf5 7. d3 Qd7 8. h3 h5
9. e4 Be6 10. Nf3 Nd4 11. Ng5 Nf6 12. b4 cxb4 13. axb4 Qc8 14. Be3 Nd7 15. Bxd4
Bxd4 16. Ne2 Bf6 17. Nxe6 fxe6 18. O-O Kf7 19. Qb3 Ne5 20. f4 Nc6 21. e5 Bg7
22. d4 Rf8 23. Qd3 Rg8 24. d5 Nd8 25. dxe6+ Nxe6 26. Bd5 1-0

[Event "IV Open A"]
[Site "Biella ITA"]
[Date "2013.09.28"]
[Round "3"]
[White "Bargeri, Ludovico"]
[Black "Valsecchi, Alessio"]
[WhiteElo "2066"]
[BlackElo "2427"]
[Result "0-1"]
[PlyCount "28"]
[EventDate "2013.09.27"]

1. d4 d5 2. c4 Nc6 3. Nc3 dxc4 4. Nf3 Nf6 5. Bg5 h6 6. Bh4 e6 7. e4 g5 8. Bg3
Bb4 9. Qa4 Nxe4 10. Rc1 g4 11. Bh4 Qd6 12. Qc2 f5 13. Ne5 Nxd4 14. Qa4+ b5 0-1

[Event "IV Open A"]
[Site "Biella ITA"]
[Date "2013.09.28"]
[Round "3"]
[White "Damia, Angelo"]
[Black "Migliorini, Matteo"]
[WhiteElo "2227"]
[BlackElo "2046"]
[Result "0-1"]
[PlyCount "102"]
[EventDate "2013.09.27"]

1. h4 e5 2. a4 d5 3. Ra3 Bxa3 4. Nxa3 Nc6 5. b3 Nf6 6. Bb2 Bf5 7. Nf3 e4 8. Nd4
Nxd4 9. Bxd4 a6 10. e3 Qe7 11. Qa1 c5 12. Be5 O-O 13. g4 Bxg4 14. Rg1 h5 15.
Be2 Rfe8 16. Bxf6 Qxf6 17. Qxf6 gxf6 18. Bxg4 hxg4 19. Rxg4+ Kh7 20. Rf4 Kg6
21. Rg4+ Kf5 22. Rf4+ Ke5 23. d3 exd3 24. cxd3 f5 25. Nc2 d4 26. Na3 b5 27. Kd2
Rab8 28. Ke2 Rg8 29. Kf3 Rg4 30. Rxg4 fxg4+ 31. Kxg4 dxe3 32. fxe3 Rd8 33. axb5
axb5 34. h5 Rxd3 35. h6 Kf6 36. Nxb5 Rxb3 37. Nd6 Kg6 38. e4 Rb4 39. Kf4 f6 40.
Nf5 Rb7 41. Nd6 Rd7 42. Nb5 Kxh6 43. e5 fxe5+ 44. Kxe5 Kg5 45. Nc3 c4 46. Ke4
Kf6 47. Na4 Rd6 48. Nc3 Ke7 49. Nb5 Rd7 50. Nc3 Kd8 51. Na4 Kc7 0-1

[Event "IV Open A"]
[Site "Biella ITA"]
[Date "2013.09.28"]
[Round "3"]
[White "Djuric, Stefan"]
[Black "Bisi, Samuele"]
[WhiteElo "2440"]
[BlackElo "2077"]
[Result "1-0"]
[PlyCount "51"]
[EventDate "2013.09.27"]

1. d4 Nf6 2. c4 e6 3. Nc3 c5 4. d5 exd5 5. cxd5 d6 6. e4 g6 7. f4 Bg7 8. Bb5+
Nfd7 9. Bd3 O-O 10. Nf3 Na6 11. O-O Nc7 12. Kh1 Rb8 13. a4 Nf6 14. f5 b6 15.
Bg5 Re8 16. Qd2 a6 17. Rae1 b5 18. e5 dxe5 19. Nxe5 b4 20. Ne4 Rxe5 21. Nxf6+
Bxf6 22. Bxf6 Qxf6 23. fxg6 Rf5 24. gxf7+ Kxf7 25. Bxf5 Bxf5 26. g4 1-0

[Event "IV Open A"]
[Site "Biella ITA"]
[Date "2013.09.28"]
[Round "3"]
[White "Finocchiaro, Gianluca"]
[Black "Guidi, Maurizio"]
[WhiteElo "2084"]
[BlackElo "2041"]
[Result "1-0"]
[PlyCount "73"]
[EventDate "2013.09.27"]

1. e4 c5 2. d4 cxd4 3. c3 d3 4. Nf3 Nc6 5. c4 Nf6 6. Qxd3 d6 7. Nc3 g6 8. Be2
Bg7 9. h3 O-O 10. O-O Nd7 11. Bf4 Nc5 12. Qc2 e5 13. Bg5 f6 14. Be3 f5 15. Rad1
Nxe4 16. Nxe4 fxe4 17. Qxe4 Be6 18. Ng5 Bf7 19. Nxf7 Rxf7 20. c5 Rd7 21. Bg4 d5
22. Rxd5 Rxd5 23. Be6+ Kh8 24. Bxd5 Qc7 25. Bxc6 bxc6 26. Rd1 Rb8 27. Rd6 Rxb2
28. Rxc6 Qd7 29. Rd6 Qe7 30. Qa8+ Bf8 31. Bh6 Rxf2 32. Kxf2 Qh4+ 33. Ke2 Qc4+
34. Rd3 Qc2+ 35. Bd2 Qxc5 36. Qd5 Qe7 37. Bc3 1-0

[Event "IV Open A"]
[Site "Biella ITA"]
[Date "2013.09.28"]
[Round "3"]
[White "Laurenti, Stefano"]
[Black "Angelini, Marco"]
[WhiteElo "2070"]
[BlackElo "2267"]
[Result "0-1"]
[PlyCount "96"]
[EventDate "2013.09.27"]

1. e4 c5 2. Nf3 d6 3. d4 cxd4 4. Nxd4 Nf6 5. Nc3 a6 6. Bc4 e6 7. Bb3 Nbd7 8. f4
Nc5 9. f5 e5 10. Nf3 Nxb3 11. axb3 h6 12. Qd3 Bd7 13. Nd5 Nxd5 14. Qxd5 Bc6 15.
Qd3 Be7 16. Bd2 b5 17. Ba5 Qd7 18. O-O-O Qc8 19. g4 Ra7 20. h4 Rd7 21. Qe3 Qb7
22. Rhe1 Bd8 23. Bb4 Bc7 24. Re2 a5 25. Be1 Bb6 26. Qd2 Kd8 27. g5 h5 28. Qd3
Kc8 29. Qc3 Kb8 30. Nxe5 dxe5 31. Qxe5+ Qc7 32. Qxg7 Rxd1+ 33. Kxd1 Rd8+ 34.
Kc1 Qd6 35. Bd2 Be3 36. Qc3 Bxd2+ 37. Rxd2 Qxd2+ 38. Qxd2 Rxd2 39. Kxd2 Bxe4
40. b4 axb4 41. f6 Kc7 42. c3 bxc3+ 43. Kxc3 Bg6 44. Kb3 Kb6 45. Kc3 Kc5 46.
Kb3 b4 47. Ka4 Kc4 48. Ka5 b3 0-1

[Event "IV Open A"]
[Site "Biella ITA"]
[Date "2013.09.28"]
[Round "3"]
[White "Llupa, Oltjon"]
[Black "Molina, Fabrizio"]
[WhiteElo "1920"]
[BlackElo "2246"]
[Result "0-1"]
[PlyCount "129"]
[EventDate "2013.09.27"]

1. d4 d5 2. c4 c6 3. Nc3 e5 4. cxd5 cxd5 5. e3 e4 6. Bb5+ Nc6 7. Qa4 Qd6 8. f3
f5 9. fxe4 fxe4 10. Nge2 Nf6 11. Bd2 Be7 12. Nf4 Be6 13. Nxe6 Qxe6 14. Ne2 O-O
15. Nf4 Qd6 16. Rc1 g5 17. Ne2 Rac8 18. h3 Nh5 19. Bxc6 bxc6 20. a3 Qf6 21. Rc2
Qf2+ 22. Kd1 Qxg2 23. Re1 Qxh3 24. Rxc6 Nf6 25. Rxc8 Qxc8 26. Qxa7 Ng4 27. Nc3
Rf7 28. Qa5 Nf2+ 29. Kc2 Rf5 30. Kb1 Qc4 31. Qb6 Nd3 32. Qe6+ Rf7 33. Rf1 Nf4
34. Rxf4 gxf4 35. Nxd5 Qd3+ 36. Ka2 Qc4+ 37. Kb1 Kf8 38. Nxf4 Qxe6 39. Nxe6+
Ke8 40. Kc1 h5 41. Nf4 h4 42. Be1 Bg5 43. Kd2 Bxf4 44. Bxh4 Bd6 45. Kc3 Rc7+
46. Kb3 Kd7 47. Be1 Ke6 48. Ba5 Rb7+ 49. Kc3 Kd5 50. Bd8 Bg3 51. b3 Be1+ 52.
Kc2 Rg7 53. Kd1 Rg1 54. Ke2 Bc3 55. Be7 Re1+ 56. Kf2 Rb1 57. b4 Rb3 58. Bc5
Rxa3 59. b5 Ra2+ 60. Kg3 Rb2 61. b6 Ba5 62. Ba3 Rxb6 63. Be7 Rb2 64. Bg5 Re2
65. Kg4 0-1

[Event "IV Open A"]
[Site "Biella ITA"]
[Date "2013.09.28"]
[Round "3"]
[White "Marinone, Lucio"]
[Black "Gallucci, Alessio"]
[WhiteElo "1970"]
[BlackElo "2213"]
[Result "0-1"]
[PlyCount "104"]
[EventDate "2013.09.27"]

1. c4 g6 2. g3 Bg7 3. Bg2 d6 4. Nc3 c6 5. d3 e5 6. e4 Ne7 7. Nge2 O-O 8. O-O
Be6 9. Be3 Qd7 10. Rc1 Bh3 11. d4 Bxg2 12. Kxg2 Qc7 13. b4 Nd7 14. Qb3 b6 15.
f3 Qb7 16. Rfd1 Rfd8 17. Rc2 Rac8 18. Rcc1 Qa8 19. a4 Nf8 20. dxe5 dxe5 21. c5
Qb7 22. Rxd8 Rxd8 23. Rd1 Rd7 24. b5 bxc5 25. Bxc5 cxb5 26. axb5 Ne6 27. Rxd7
Qxd7 28. Bxe7 Qxe7 29. Nd5 Qb7 30. Qc4 Bf8 31. Nec3 Bc5 32. Nf6+ Kg7 33. Ne8+
Kf8 34. Nf6 Kg7 35. Ne8+ Kh6 36. Na4 Bd4 37. Qc6 Qe7 38. Nd6 Kh5 39. h4 Kh6 40.
Qc1+ Kg7 41. Qc6 h5 42. Qd5 Kh7 43. Qc6 Kg7 44. Qd5 Qf8 45. Qc6 Qd8 46. Nc4 Kh7
47. Qd5 Qf6 48. Qd7 Nf8 49. Qd6 Ne6 50. Qd7 Kg8 51. Nd6 Nf8 52. Nc4 Nxd7 0-1

[Event "IV Open A"]
[Site "Biella ITA"]
[Date "2013.09.28"]
[Round "3"]
[White "Montilli, Vincenzo"]
[Black "Barlocco, Carlo"]
[WhiteElo "2023"]
[BlackElo "2093"]
[Result "0-1"]
[PlyCount "132"]
[EventDate "2013.09.27"]

1. d4 d5 2. c4 c6 3. Nc3 Nf6 4. Nf3 a6 5. e3 b5 6. b3 Bf5 7. Be2 h6 8. O-O e6
9. Bb2 Bd6 10. Bd3 Bxd3 11. Qxd3 Nbd7 12. e4 b4 13. e5 bxc3 14. Bxc3 Be7 15.
exf6 Nxf6 16. c5 O-O 17. Ne5 Qc7 18. b4 Nd7 19. Rfe1 Nxe5 20. Rxe5 Bf6 21. Re2
Rfe8 22. Rae1 Qb7 23. a4 Reb8 24. Rb2 Ra7 25. g3 Qd7 26. Reb1 Rab7 27. Qxa6 Ra7
28. Qd3 Rxa4 29. b5 cxb5 30. Rxb5 Rxb5 31. Rxb5 g6 32. Rb6 Rc4 33. Rb4 Rxb4 34.
Bxb4 Qa4 35. Bc3 Qb3 36. Qe3 Bg5 37. f4 Bf6 38. Qc1 Kf8 39. Qa1 Qc4 40. Kf2 h5
41. Ke3 Kg7 42. Qb2 Be7 43. Qb4 Qa2 44. Bb2 Qb1 45. Qb7 Bd8 46. Qb4 g5 47. c6
gxf4+ 48. gxf4 Qe4+ 49. Kd2 Qxf4+ 50. Kc2 Qxh2+ 51. Kb3 Qh3+ 52. Ka2 Qd3 53.
Qd6 Ba5 54. Qh2 Qc4+ 55. Kb1 Qxc6 56. Qxh5 Qb5 57. Qg5+ Kf8 58. Qh6+ Ke7 59.
Qg5+ Kd7 60. Qf4 Ke8 61. Ka2 Bb4 62. Qf6 Be7 63. Qh8+ Kd7 64. Qa8 Bd8 65. Qa7+
Bc7 66. Qa8 Qa5+ 0-1

[Event "IV Open A"]
[Site "Biella ITA"]
[Date "2013.09.28"]
[Round "3"]
[White "Pulito, Alberto"]
[Black "Razzano, Lorenzo"]
[WhiteElo "2285"]
[BlackElo "1988"]
[Result "1/2-1/2"]
[PlyCount "170"]
[EventDate "2013.09.27"]

1. e4 g6 2. d4 Bg7 3. c3 d6 4. Nf3 Nf6 5. Bd3 O-O 6. O-O Nc6 7. Qe2 e5 8. dxe5
Nxe5 9. Nxe5 dxe5 10. a4 a5 11. Na3 Be6 12. Bg5 h6 13. Bh4 c6 14. Bc4 Qe7 15.
Rfd1 Rfd8 16. f3 g5 17. Bf2 Nh5 18. Bb6 Nf4 19. Qe3 Rxd1+ 20. Rxd1 g4 21. Bxe6
Qxe6 22. fxg4 Nxg2 23. Qf3 Nf4 24. Be3 Re8 25. Rf1 Re7 26. Rd1 Re8 27. Rd2 Bf6
28. Qd1 Bg5 29. Kh1 Qg6 30. Qf3 Ne6 31. Nc4 Nf4 32. Rd1 Qe6 33. Nxa5 Qa2 34.
Nxb7 Qxa4 35. Nc5 Qc2 36. Rf1 Rb8 37. b4 Qxc3 38. h4 Bxh4 39. Bxf4 Qxf3+ 40.
Rxf3 exf4 41. Nd3 Bg5 42. Kg2 Kg7 43. Rf2 Kf6 44. Rc2 Rb6 45. Kf3 Ke6 46. Nxf4+
Kd6 47. Nd3 Rb5 48. Ra2 Rb7 49. Ke2 Bf6 50. Kd2 Bd4 51. Ra8 Bf6 52. Ra5 Re7 53.
Ke3 Bg5+ 54. Kd4 Rd7 55. e5+ Kc7+ 56. Ke4 Kb6 57. Nb2 Bd2 58. Nc4+ Kb7 59. Ra4
Bc3 60. Nd6+ Kb6 61. Kf5 Bd2 62. Kf6 Bg5+ 63. Kf5 Bd2 64. Kf6 Bg5+ 65. Kf5 Bd2
66. Ra8 Bxb4 67. Rb8+ Kc5 68. Kf6 Bc3 69. Ne4+ Kc4 70. Nxc3 Kxc3 71. Rc8 Kd4
72. Rxc6 Ke4 73. Rc4+ Kd5 74. Ra4 Rb7 75. Kf5 Rb1 76. Ra5+ Kd4 77. Kf6 Rf1+ 78.
Kg7 Re1 79. Kxf7 Rxe5 80. Ra4+ Kd5 81. Kg6 Re6+ 82. Kh5 Rb6 83. Rf4 Ke5 84.
Rf5+ Ke4 85. Rf8 Ra6 1/2-1/2

[Event "IV Open A"]
[Site "Biella ITA"]
[Date "2013.09.28"]
[Round "3"]
[White "Salvador, Roland"]
[Black "Melone, Antonio"]
[WhiteElo "2461"]
[BlackElo "2125"]
[Result "1-0"]
[PlyCount "55"]
[EventDate "2013.09.27"]

1. d4 Nf6 2. c4 c5 3. d5 e6 4. Nc3 exd5 5. cxd5 d6 6. Nf3 g6 7. Nd2 Bg7 8. Nc4
O-O 9. Bf4 Ne8 10. Qd2 Nd7 11. Nxd6 Nb6 12. Nxc8 Rxc8 13. e4 Nd6 14. Bxd6 Qxd6
15. Be2 Rce8 16. f3 f5 17. Nb5 Qe5 18. O-O fxe4 19. d6 a6 20. Nc3 e3 21. Qd1
Rf4 22. Qb3+ Re6 23. Qxb6 Rxd6 24. Qxb7 Rb4 25. Qc8+ Bf8 26. f4 Rxf4 27. Rxf4
Qxf4 28. Rf1 1-0

[Event "IV Open A"]
[Site "Biella ITA"]
[Date "2013.09.28"]
[Round "3"]
[White "Sanchez, Joseph"]
[Black "Kantans, Toms"]
[WhiteElo "2547"]
[BlackElo "2346"]
[Result "0-1"]
[PlyCount "76"]
[EventDate "2013.09.27"]

1. e4 c5 2. Nf3 Nf6 3. e5 Nd5 4. Nc3 e6 5. g3 Nc6 6. Bg2 d6 7. exd6 Nxc3 8.
dxc3 Bxd6 9. O-O O-O 10. Qe2 Qc7 11. Rd1 h6 12. Be3 Rd8 13. Nd2 b6 14. Qh5 Bb7
15. Nc4 Qe7 16. g4 Bc7 17. g5 Rxd1+ 18. Rxd1 Rd8 19. Rxd8+ Qxd8 20. gxh6 g6 21.
h7+ Kh8 22. Qh6 Qd1+ 23. Bf1 Qg4+ 24. Bg2 Ne5 25. f3 Bxf3 26. Qg5 Qxg2+ 27.
Qxg2 Bxg2 28. Nxe5 Bxe5 29. Kxg2 Kxh7 30. h3 f5 31. a4 Kg7 32. a5 Kf6 33. Kf3
Bc7 34. a6 e5 35. c4 e4+ 36. Ke2 f4 37. Bd2 Kf5 38. b4 e3 0-1

[Event "IV Open A"]
[Site "Biella ITA"]
[Date "2013.09.28"]
[Round "3"]
[White "Sgnaolin, Davide"]
[Black "Naumkin, Igor"]
[WhiteElo "2238"]
[BlackElo "2461"]
[Result "0-1"]
[PlyCount "88"]
[EventDate "2013.09.27"]

1. c4 e5 2. g3 Nf6 3. Bg2 d5 4. cxd5 Nxd5 5. Nc3 Nb6 6. Nf3 Nc6 7. O-O Be7 8.
a3 O-O 9. b4 a6 10. d3 Be6 11. Rb1 f6 12. Nd2 Qd7 13. Nde4 Rab8 14. Be3 Bh3 15.
Nc5 Bxc5 16. Bxh3 Qxh3 17. Bxc5 Rf7 18. Bxb6 cxb6 19. Ne4 h6 20. f3 b5 21. Qd2
Rd8 22. Rbc1 f5 23. Nf2 Qh5 24. Rc5 Qg6 25. Kg2 e4 26. Qe3 exf3+ 27. Qxf3 Nd4
28. Qe3 f4 29. Qe5 Nxe2 30. Ne4 Rdf8 31. Nd6 Rf6 32. Qxe2 f3+ 33. Rxf3 Rxf3 34.
Ne4 R3f7 35. Rc1 Qf5 36. Rc5 Qd7 37. Rc1 b6 38. Qe3 Rf3 39. Qxb6 Qxd3 40. Qe6+
Kh8 41. Kh3 R3f5 42. Rc5 Rf4 43. Nd2 R4f6 44. Qd5 Qe2 0-1

[Event "IV Open A"]
[Site "Biella ITA"]
[Date "2013.09.28"]
[Round "3"]
[White "Siclari, Giovanni"]
[Black "Coppola, Federico"]
[WhiteElo "2059"]
[BlackElo "1973"]
[Result "1-0"]
[PlyCount "47"]
[EventDate "2013.09.27"]

1. Nf3 c5 2. c4 Nc6 3. d4 cxd4 4. Nxd4 e5 5. Nb5 a6 6. Nd6+ Bxd6 7. Qxd6 Qf6 8.
Qd1 Nge7 9. g3 O-O 10. Bg2 Qg6 11. Nc3 f5 12. O-O d6 13. b3 Rb8 14. Ba3 Rd8 15.
Nd5 Nxd5 16. cxd5 Ne7 17. Rc1 b5 18. Qd2 Bb7 19. Rc7 Qf6 20. e4 Rdc8 21. Rfc1
g6 22. f4 fxe4 23. Bxe4 Nf5 24. Rxb7 1-0

[Event "IV Open A"]
[Site "Biella ITA"]
[Date "2013.09.28"]
[Round "3"]
[White "Sorcinelli, Francesco"]
[Black "Di Chiara, Mauro"]
[WhiteElo "2197"]
[BlackElo "2011"]
[Result "1-0"]
[PlyCount "65"]
[EventDate "2013.09.27"]

1. Nf3 g6 2. c4 Bg7 3. Nc3 d6 4. d4 Nf6 5. e4 O-O 6. h3 c5 7. d5 b5 8. cxb5 a6
9. bxa6 Bxa6 10. Bxa6 Nxa6 11. O-O c4 12. Qe2 Rc8 13. Be3 Nc5 14. Nd2 e6 15.
dxe6 fxe6 16. Qxc4 Qe7 17. Qe2 Qb7 18. e5 dxe5 19. Nc4 Rfd8 20. Bxc5 Rxc5 21.
Rfd1 Rxd1+ 22. Rxd1 Nd5 23. Ne4 Nf4 24. Rd8+ Bf8 25. Qf3 Qe7 26. Rd7 Rxc4 27.
Rxe7 Rc1+ 28. Kh2 Bxe7 29. g3 Nd5 30. Qg4 Rc6 31. h4 Kg7 32. Ng5 Bxg5 33. Qxg5
1-0

[Event "IV Open A"]
[Site "Biella ITA"]
[Date "2013.09.28"]
[Round "3"]
[White "Trangoni, Bruno"]
[Black "Rey, Fabrice"]
[WhiteElo "1994"]
[BlackElo "2156"]
[Result "0-1"]
[PlyCount "62"]
[EventDate "2013.09.27"]

1. Nf3 d5 2. d4 Nf6 3. Bf4 c5 4. e3 cxd4 5. exd4 Nc6 6. Nc3 Bg4 7. Be2 e6 8. h3
Bxf3 9. Bxf3 Qb6 10. Ne2 Qxb2 11. O-O Be7 12. Qd3 Qa3 13. c3 O-O 14. Rfb1 Na5
15. Qc2 Rac8 16. Rb5 b6 17. Rab1 Nc4 18. Bc1 Qd6 19. Qa4 Qd7 20. Qa6 Ne8 21.
Qa4 Nc7 22. Ra5 b5 23. Rbxb5 Nxb5 24. Rxb5 Rb8 25. Ra5 Qxa4 26. Rxa4 a5 27. Kh2
Rfc8 28. g3 Ra8 29. Kg2 Nb6 30. Ra3 Bxa3 31. Bxa3 Na4 0-1

[Event "IV Open A"]
[Site "Biella ITA"]
[Date "2013.09.28"]
[Round "3"]
[White "Ubezio, Marco"]
[Black "Rudolf, Anna"]
[WhiteElo "2136"]
[BlackElo "2308"]
[Result "0-1"]
[PlyCount "66"]
[EventDate "2013.09.27"]

1. e4 e6 2. d4 d5 3. Nc3 Nf6 4. Bg5 Be7 5. e5 Nfd7 6. Bxe7 Qxe7 7. f4 O-O 8.
Nf3 c5 9. dxc5 Qxc5 10. Qd2 Nc6 11. Bd3 f6 12. exf6 Nxf6 13. O-O-O Bd7 14. Kb1
a6 15. Rhf1 b5 16. g3 b4 17. Ne2 Kh8 18. Ne5 a5 19. Rc1 a4 20. c3 b3 21. a3
Nxe5 22. fxe5 Ng4 23. Qg5 Qe3 24. Qxe3 Nxe3 25. Rf4 g5 26. Rb4 Rf2 27. h4 Be8
28. hxg5 Rxe2 29. Rh1 Rd2 30. Bxh7 Rd1+ 31. Rxd1 Nxd1 32. Rh4 Kg7 33. Rh6 Nf2
0-1

[Event "IV Open A"]
[Site "Biella ITA"]
[Date "2013.09.28"]
[Round "3"]
[White "Vezzosi, Paolo"]
[Black "Barbiso, Tiziana"]
[WhiteElo "2271"]
[BlackElo "1998"]
[Result "1-0"]
[PlyCount "83"]
[EventDate "2013.09.27"]

1. Nf3 e6 2. d4 d5 3. Bf4 Nf6 4. e3 Be7 5. Ne5 c5 6. c3 Qb6 7. Qb3 Nbd7 8. Nd2
O-O 9. Be2 Ne8 10. O-O f6 11. Nef3 Nd6 12. Qc2 Re8 13. Bd3 Nf8 14. dxc5 Qxc5
15. e4 e5 16. Be3 Qc6 17. exd5 Qxd5 18. c4 Qc6 19. c5 Nf7 20. b4 a6 21. Nc4 Bg4
22. Be4 Qc7 23. Nfd2 Nd8 24. Nb6 Rb8 25. Nb3 Nc6 26. Bxh7+ Nxh7 27. Qc4+ Kh8
28. Qxg4 Red8 29. Qc4 Nf8 30. a3 Nd7 31. Nd5 Qc8 32. Rad1 Nf8 33. f4 Qg4 34.
Rd3 g6 35. Bc1 Kg7 36. Bb2 Nd7 37. Rg3 Qh4 38. Qc2 Qh5 39. Ne3 Nd4 40. Bxd4
exd4 41. Nxd4 Nf8 42. Rh3 1-0

[Event "IV Open A"]
[Site "Biella ITA"]
[Date "2013.09.28"]
[Round "3"]
[White "Yao, Stefano"]
[Black "Stella, Andrea"]
[WhiteElo "1976"]
[BlackElo "2458"]
[Result "0-1"]
[PlyCount "82"]
[EventDate "2013.09.27"]

1. Nf3 c5 2. c4 Nc6 3. g3 g6 4. Bg2 Bg7 5. O-O d6 6. Nc3 e6 7. e3 Nge7 8. d4
O-O 9. d5 Na5 10. Nd2 exd5 11. cxd5 Rb8 12. a4 a6 13. Nde4 h6 14. Ne2 c4 15.
Nd2 b5 16. axb5 axb5 17. Ra2 b4 18. Qa4 Nb3 19. Nxb3 Bd7 20. Qa7 cxb3 21. Ra1
Bb5 22. Re1 Ra8 23. Qxa8 Qxa8 24. Rxa8 Rxa8 25. Nd4 Bxd4 26. exd4 Nf5 27. Rd1
Ra1 28. Bf3 Nxd4 29. Rxd4 Rxc1+ 30. Kg2 Bf1+ 31. Kg1 Bd3+ 32. Kg2 Bf1+ 33. Kg1
Bh3+ 34. Rd1 Rc2 35. Rb1 Rd2 36. Be4 Kg7 37. f4 g5 38. f5 Kf6 39. Kh1 Bg4 40.
Kg1 Bd1 41. Bg2 Bc2 0-1

[Event "IV Open A"]
[Site "Biella ITA"]
[Date "2013.09.29"]
[Round "4"]
[White "Angelini, Marco"]
[Black "Salvador, Roland"]
[WhiteElo "2267"]
[BlackElo "2461"]
[Result "0-1"]
[PlyCount "64"]
[EventDate "2013.09.27"]

1. e4 c6 2. d4 g6 3. Nc3 Bg7 4. Nf3 d6 5. Be2 Nd7 6. O-O Qc7 7. Be3 Ngf6 8. h3
b5 9. a3 O-O 10. Qd2 Re8 11. Bh6 e5 12. Bxg7 Kxg7 13. Rfe1 Bb7 14. Rad1 Rad8
15. Nh2 a6 16. Bf3 h5 17. Nf1 exd4 18. Qxd4 Ne5 19. Qd2 Nxf3+ 20. gxf3 d5 21.
Qg5 Re5 22. Qg3 h4 23. Qh2 dxe4 24. Rxd8 Rg5+ 25. Kh1 Qxd8 26. fxe4 c5 27. f3
b4 28. axb4 cxb4 29. Nd1 Nxe4 30. fxe4 Qxd1 31. Qe2 Qd4 32. Qe3 Bxe4+ 0-1

[Event "IV Open A"]
[Site "Biella ITA"]
[Date "2013.09.29"]
[Round "4"]
[White "Barbiso, Tiziana"]
[Black "Sgnaolin, Davide"]
[WhiteElo "1998"]
[BlackElo "2238"]
[Result "1/2-1/2"]
[PlyCount "55"]
[EventDate "2013.09.27"]

1. e4 c5 2. Nc3 Nc6 3. f4 g6 4. Nf3 Bg7 5. Bb5 Nd4 6. Bd3 d6 7. Nxd4 cxd4 8.
Ne2 Nh6 9. O-O O-O 10. Bc4 Kh8 11. d3 f5 12. Kh1 Bd7 13. Ng1 Rc8 14. Bb3 Bc6
15. Qe2 fxe4 16. dxe4 Qd7 17. a4 e5 18. Nf3 exf4 19. Ng5 Rce8 20. Bxf4 d5 21.
e5 Qg4 22. Qd2 Nf5 23. Rae1 h6 24. Nf3 Ne3 25. Bxe3 dxe3 26. Qxe3 d4 27. Qd3
Bxe5 28. c3 1/2-1/2

[Event "IV Open A"]
[Site "Biella ITA"]
[Date "2013.09.29"]
[Round "4"]
[White "Barlocco, Carlo"]
[Black "Bardone, Lorenzo"]
[WhiteElo "2093"]
[BlackElo "1962"]
[Result "0-1"]
[PlyCount "64"]
[EventDate "2013.09.27"]

1. d4 d5 2. Nf3 Nf6 3. c3 c5 4. Bg5 Ne4 5. Bf4 Qb6 6. Qb3 c4 7. Qxb6 axb6 8.
Nbd2 Nf6 9. e4 e6 10. Be2 Nc6 11. O-O Be7 12. Rfe1 dxe4 13. Ng5 Nd5 14. g3 Nxf4
15. gxf4 b5 16. Ngxe4 O-O 17. a4 bxa4 18. Nxc4 b5 19. Ncd6 b4 20. Bb5 Bxd6 21.
Nxd6 Bd7 22. Bxa4 Nxd4 23. cxd4 Bxa4 24. f3 Bc6 25. Kf2 Rad8 26. Nc4 Rxd4 27.
Ne5 Bb5 28. Ra5 Rb8 29. Ke3 Rd5 30. Rc1 f6 31. Nc6 Bxc6 32. Rxc6 Rxa5 0-1

[Event "IV Open A"]
[Site "Biella ITA"]
[Date "2013.09.29"]
[Round "4"]
[White "Bisi, Samuele"]
[Black "Llupa, Oltjon"]
[WhiteElo "2077"]
[BlackElo "1920"]
[Result "1-0"]
[PlyCount "83"]
[EventDate "2013.09.27"]

1. d4 d5 2. Nf3 e6 3. c4 c6 4. Nc3 dxc4 5. e4 b5 6. a4 Bb4 7. axb5 cxb5 8. Bd2
Bxc3 9. bxc3 Ne7 10. e5 Bb7 11. Ng5 g6 12. Qg4 Qd5 13. Qf4 Nf5 14. f3 h6 15.
Ne4 Nd7 16. h4 h5 17. g3 Ke7 18. Bg2 b4 19. g4 bxc3 20. Bxc3 Nxd4 21. Rd1 Qxe5
22. Qxe5 Nxe5 23. Bxd4 Nd3+ 24. Rxd3 cxd3 25. Bf6+ Kd7 26. Nc5+ Kc7 27. Nxb7
Kxb7 28. f4+ Kb6 29. Bxa8 Rxa8 30. gxh5 gxh5 31. Kd2 a5 32. Kxd3 Rg8 33. Rg1
Ra8 34. Rg5 a4 35. Rxh5 a3 36. Rg5 a2 37. Rg1 Kc6 38. Ra1 Kd5 39. h5 Ra3+ 40.
Bc3 Ra4 41. h6 Rxf4 42. h7 1-0